[Event "7eme Open de Saint-Chely d'Aubrac"]
[Site "Saint-Chely d'Aubrac (12)"]
[Date "2007.07.15"]
[Round "2.28"]
[White "Ruetsch, Johan"]
[Black "Carrie, Emilien"]
[Result "1-0"]
[WhiteElo "1590"]
[BlackElo "1240"]
[PlyCount "135"]
[EventDate "2007.??.??"]

1. e4 e5 2. Nf3 Nc6 3. Bb5 Nf6 4. d3 Bc5 5. O-O h6 6. Bxc6 bxc6 7. Nxe5 Bd4 8.
Nf3 O-O 9. Nxd4 c5 10. Nf3 d6 11. h3 Be6 12. Nc3 c6 13. Bf4 Nh5 14. Be3 Qf6 15.
d4 Qe7 16. dxc5 dxc5 17. Ne5 Nf6 18. Nxc6 Qc7 19. e5 Nd7 20. Ne7+ Kh8 21. Ned5
Qxe5 22. Re1 Qb8 23. Rb1 Qd8 24. Nf4 Bc4 25. Qg4 Nf6 26. Ng6+ fxg6 27. Qxc4 Qd6
28. Ne4 Qc6 29. Nxc5 Rad8 30. b3 Rde8 31. Rbd1 Qc8 32. Bd4 g5 33. Rxe8 Nxe8 34.
Qb4 Nd6 35. Rc1 Re8 36. Nd3 Nf5 37. Bxa7 Qc7 38. Bd4 Ne7 39. c4 Nc6 40. Qc5 Qd7
41. Be3 Ne7 42. Nb2 Qe6 43. a4 Rb8 44. b4 Nc6 45. b5 Na5 46. Qc7 Ra8 47. Bd4
Qg8 48. b6 Rc8 49. Qe5 Nc6 50. Qd6 Kh7 51. b7 Rd8 52. Qxc6 Rxd4 53. Qc7 Rd8 54.
a5 Rb8 55. a6 Qd8 56. Qxd8 Rxd8 57. a7 Rg8 58. b8=R Rh8 59. Rxh8+ Kxh8 60.
a8=R+ Kh7 61. Re1 Kg6 62. Re7 Kf6 63. Raa7 Kg6 64. Rxg7+ Kh5 65. Rgc7 Kg6 66.
Ra6+ Kh5 67. g4+ Kh4 68. Rxh6# 1-0

[Event "7eme Open de Saint-Chely d'Aubrac"]
[Site "Saint-Chely d'Aubrac (12)"]
[Date "2007.07.15"]
[Round "2.3"]
[White "Tournier, Jean-Pascal"]
[Black "Saucey, Michel"]
[Result "0-1"]
[WhiteElo "1888"]
[BlackElo "2347"]
[PlyCount "46"]
[EventDate "2007.??.??"]

1. e4 c5 2. Nf3 Nc6 3. d3 Nf6 4. g3 d5 5. Nbd2 g6 6. Bg2 Bg7 7. O-O O-O 8. c3
e6 9. Re1 b6 10. Qc2 Ba6 11. Qa4 Bb7 12. e5 Nd7 13. d4 f6 14. exf6 Qxf6 15.
dxc5 Nxc5 16. Qg4 e5 17. Qh4 e4 18. Qxf6 Bxf6 19. Nh4 Nd3 20. Re2 Ba6 21. c4
Nd4 22. Rxe4 dxe4 23. Bxe4 Nc2 0-1

[Event "7eme Open de Saint-Chely d'Aubrac"]
[Site "Saint-Chely d'Aubrac (12)"]
[Date "2007.07.16"]
[Round "3.1"]
[White "Degraeve, Jean-Marc"]
[Black "Desboeufs, Alexandre"]
[Result "1-0"]
[WhiteElo "2520"]
[BlackElo "2065"]
[PlyCount "79"]
[EventDate "2007.??.??"]

1. e4 e6 2. d4 d5 3. e5 c5 4. c3 Nc6 5. Nf3 Qb6 6. a3 a5 7. b3 cxd4 8. cxd4
Nge7 9. Nc3 Bd7 10. Na4 Qc7 11. Bb2 Ng6 12. Rc1 Be7 13. h4 O-O 14. h5 Nh8 15.
Bd3 f6 16. Qc2 f5 17. g4 h6 18. gxf5 exf5 19. Nc3 Be6 20. Ne2 Qd7 21. Nf4 Rac8
22. Qd2 Nd8 23. Rxc8 Qxc8 24. Rg1 Nc6 25. Bc1 Nf7 26. Ng6 Ng5 27. Nxe7+ Nxe7
28. Nxg5 hxg5 29. Rxg5 Qc7 30. Bb2 f4 31. h6 Rf7 32. hxg7 Bf5 33. Bxf5 Nxf5 34.
Qc3 Qd8 35. Qh3 Nxg7 36. Rg6 Qc7 37. Rh6 Kf8 38. a4 Qc2 39. Rh8+ Ke7 40. Ba3+
1-0

[Event "7eme Open de Saint-Chely d'Aubrac"]
[Site "Saint-Chely d'Aubrac (12)"]
[Date "2007.07.16"]
[Round "3.2"]
[White "Bonneville, Jean-Paul"]
[Black "Riff, Jean-Noel"]
[Result "1-0"]
[WhiteElo "2048"]
[BlackElo "2460"]
[PlyCount "82"]
[EventDate "2007.??.??"]

1. d4 Nf6 2. c4 e6 3. Nf3 Nc6 4. Nc3 Bb4 5. Qc2 d6 6. Bd2 O-O 7. a3 Bxc3 8.
Bxc3 a5 9. e3 Qe7 10. Be2 e5 11. O-O a4 12. dxe5 dxe5 13. h3 Re8 14. Rfd1 Nd7
15. Rd5 f6 16. Rad1 Nc5 17. Nh4 Be6 18. Bg4 b6 19. Bb4 Nxb4 20. axb4 Bxg4 21.
hxg4 Ne6 22. c5 bxc5 23. bxc5 Nf8 24. Nf5 Qe6 25. c6 g6 26. Ng3 Qxg4 27. Ne4
Qe6 28. Qc4 Kg7 29. Nc5 Qf7 30. Nxa4 Red8 31. Nc3 Rxd5 32. Nxd5 Rd8 33. b4 Ne6
34. b5 h5 35. e4 h4 36. Ra1 Nf4 37. Ra7 Nxd5 38. exd5 Rxd5 39. Qb3 Rc5 40.
Qxf7+ Kxf7 41. b6 Rxc6 1-0

[Event "7eme Open de Saint-Chely d'Aubrac"]
[Site "Saint-Chely d'Aubrac (12)"]
[Date "2007.07.16"]
[Round "3.3"]
[White "Saucey, Michel"]
[Black "Duffau, Pascal"]
[Result "1-0"]
[WhiteElo "2347"]
[BlackElo "2011"]
[PlyCount "45"]
[EventDate "2007.??.??"]

1. d4 Nf6 2. Nf3 e6 3. c4 b6 4. g3 Bb7 5. Bg2 Be7 6. O-O O-O 7. Nc3 d5 8. cxd5
exd5 9. Bf4 Na6 10. Ne5 c5 11. dxc5 bxc5 12. Qb3 Rb8 13. Nxf7 Rxf7 14. Bxb8
Qxb8 15. Nxd5 Bxd5 16. Bxd5 Nxd5 17. Qxd5 Bf6 18. Rad1 Qf8 19. Qe6 Nc7 20. Qc4
Kh8 21. b3 Qe7 22. Rd3 Ne6 23. Re3 1-0

[Event "7eme Open de Saint-Chely d'Aubrac"]
[Site "Saint-Chely d'Aubrac (12)"]
[Date "2007.07.16"]
[Round "3.4"]
[White "Schmitt, Claude"]
[Black "Deschler, Fabrice"]
[Result "0-1"]
[WhiteElo "1970"]
[BlackElo "2151"]
[PlyCount "96"]
[EventDate "2007.??.??"]

1. c4 f5 2. Nc3 Nf6 3. g3 g6 4. Bg2 Bg7 5. e3 O-O 6. Nge2 d6 7. d3 c6 8. Rb1 d5
9. cxd5 cxd5 10. Qb3 e6 11. O-O Nc6 12. d4 Bd7 13. Bd2 Na5 14. Qd1 b5 15. b3
Qb6 16. Nf4 Rab8 17. Nd3 Rfc8 18. Nc5 Bf8 19. b4 Nc4 20. Qc1 Kg7 21. Rd1 a5 22.
a3 Ra8 23. Be1 axb4 24. axb4 Ra7 25. Ne2 Rca8 26. Nf4 Ra2 27. Nfd3 Qa7 28. Ne5
Nxe5 29. dxe5 Ne4 30. Bxe4 fxe4 31. Rd2 Bxc5 32. Qxc5 Qxc5 33. bxc5 R2a4 34.
Rc2 Bc6 35. Bb4 h5 36. h4 Kh6 37. Kg2 g5 38. hxg5+ Kxg5 39. Rcb2 Rh8 40. Rh1 d4
41. exd4 e3+ 42. f3 Rf8 43. d5 Bxd5 44. c6 Bxf3+ 45. Kh2 Rc8 46. Be7+ Kf5 47.
Rf1 Ke4 48. Rxb5 Ra2+ 0-1

[Event "7eme Open de Saint-Chely d'Aubrac"]
[Site "Saint-Chely d'Aubrac (12)"]
[Date "2007.07.16"]
[Round "3.5"]
[White "Nass, Emile"]
[Black "Epstein, Raphael"]
[Result "1-0"]
[WhiteElo "2095"]
[BlackElo "1771"]
[PlyCount "97"]
[EventDate "2007.??.??"]

1. d4 Nf6 2. Nf3 e6 3. c4 Bb4+ 4. Bd2 Bxd2+ 5. Qxd2 O-O 6. Nc3 d6 7. g3 b6 8.
Bg2 Bb7 9. O-O c5 10. e3 Qe7 11. Rfd1 d5 12. cxd5 Nxd5 13. Rac1 Nxc3 14. Qxc3
Na6 15. dxc5 Nxc5 16. b4 Na6 17. a3 Rac8 18. Qd3 Rxc1 19. Rxc1 h6 20. Rd1 Nb8
21. Ne5 Bxg2 22. Kxg2 Rc8 23. Qd6 Qb7+ 24. Kg1 Nc6 25. Nxc6 Qxc6 26. Qxc6 Rxc6
27. Rd8+ Kh7 28. Rd7 a5 29. Rxf7 axb4 30. axb4 Rc1+ 31. Kg2 Rc4 32. Rf4 Rc6 33.
Kf3 Kg6 34. Ke4 Kh7 35. Ke5 Kg6 36. h3 b5 37. Rg4+ Kf7 38. h4 g6 39. Rf4+ Kg7
40. Rf6 Rc4 41. Rxe6 Rxb4 42. Re7+ Kf8 43. Rb7 Rb2 44. f4 Rb3 45. Kf6 Ke8 46.
Kxg6 Rxe3 47. g4 Rg3 48. Kf5 h5 49. g5 1-0

[Event "7eme Open de Saint-Chely d'Aubrac"]
[Site "Saint-Chely d'Aubrac (12)"]
[Date "2007.07.16"]
[Round "3.6"]
[White "Candy, Romain"]
[Black "Jester, Christian"]
[Result "1-0"]
[WhiteElo "2060"]
[BlackElo "1871"]
[PlyCount "47"]
[EventDate "2007.??.??"]

1. Nf3 Nf6 2. g3 Nc6 3. c4 e5 4. d3 Bc5 5. Bg2 h6 6. O-O O-O 7. Nc3 d6 8. Bd2
Be6 9. Rc1 Qd7 10. Na4 Bb4 11. Bxb4 Nxb4 12. a3 Nc6 13. Re1 Rad8 14. b4 b6 15.
Nc3 a5 16. Qb3 Nh7 17. Nd5 f5 18. Qa4 Nf6 19. Qxc6 Nxd5 20. cxd5 Bf7 21. Qxd7
Rxd7 22. Nd2 axb4 23. axb4 Re7 24. Ra1 1-0

[Event "7eme Open de Saint-Chely d'Aubrac"]
[Site "Saint-Chely d'Aubrac (12)"]
[Date "2007.07.16"]
[Round "3.7"]
[White "Baeumlin, Francois"]
[Black "Danzanvilliers, Patrice"]
[Result "1/2-1/2"]
[WhiteElo "2018"]
[BlackElo "1858"]
[PlyCount "122"]
[EventDate "2007.??.??"]

1. e4 Nf6 2. e5 Nd5 3. c4 Nb6 4. d4 d6 5. exd6 exd6 6. Nc3 Be7 7. Bd3 Nc6 8.
Nge2 O-O 9. O-O f5 10. Be3 Kh8 11. Nf4 Bg5 12. Be2 Bxf4 13. Bxf4 g5 14. Bc1 a6
15. b3 h6 16. Bf3 Kh7 17. Bb2 Ne7 18. Re1 c6 19. Qe2 Rf7 20. Ba3 Qc7 21. Bh5
Rg7 22. c5 dxc5 23. Bxc5 Nbd5 24. Nxd5 Nxd5 25. Bf3 Bd7 26. Qe5 Re8 27. Qxc7
Nxc7 28. Rxe8 Bxe8 29. Re1 Bg6 30. Bd6 Rd7 31. Re7+ Rxe7 32. Bxe7 Nd5 33. Bf8
Nc3 34. a3 Nb5 35. Bc5 Bf7 36. Bd1 Kg6 37. Bc2 Kf6 38. Kf1 Nc7 39. Ke2 Nd5 40.
Bf8 h5 41. Bd6 Ke6 42. Be5 Bg6 43. h3 Kf7 44. Kd2 f4 45. Bxg6+ Kxg6 46. Kd3 Kf5
47. Bg7 g4 48. hxg4+ hxg4 49. Kc4 b6 50. Kd3 Ne7 51. Be5 Nd5 52. Bb8 Nf6 53. a4
Nd5 54. Ba7 b5 55. Bb8 Ne7 56. Bd6 Nd5 57. Bf8 Nc7 58. Be7 Nd5 59. Bd8 Nb4+ 60.
Kc3 Nd5+ 61. Kd3 Nb4+ 1/2-1/2

[Event "7eme Open de Saint-Chely d'Aubrac"]
[Site "Saint-Chely d'Aubrac (12)"]
[Date "2007.07.16"]
[Round "3.8"]
[White "De Biasi, Robert"]
[Black "Rabier, Jean"]
[Result "1-0"]
[WhiteElo "1825"]
[BlackElo "1930"]
[PlyCount "101"]
[EventDate "2007.??.??"]

1. Nf3 b6 2. g3 Bb7 3. Bg2 g6 4. d3 Bg7 5. O-O d6 6. Nbd2 Nd7 7. e4 e6 8. Rb1
Ne7 9. b3 a5 10. a4 O-O 11. Bb2 Bxb2 12. Rxb2 e5 13. Nc4 Ba6 14. Ne3 Rb8 15.
Qd2 Nf6 16. Re1 c6 17. h4 b5 18. c4 bxa4 19. bxa4 c5 20. Rxb8 Qxb8 21. Qxa5 Qb7
22. Nd2 Nc6 23. Qc3 Qb4 24. Rc1 Rb8 25. Qc2 Nd4 26. Qd1 Qa3 27. Bf1 Rb2 28. Rb1
Rb4 29. Nd5 Nxd5 30. exd5 Bc8 31. Ne4 Nf5 32. Ra1 Qb2 33. a5 Qd4 34. Ra2 Rxc4
35. Qe2 Ra4 36. Rb2 Rb4 37. Ra2 Ra4 38. Rxa4 Qxa4 39. Qd2 Bb7 40. Qb2 Qb4 41.
Qa2 Ba6 42. Qd2 Kg7 43. Qg5 Qxa5 44. Qf6+ Kg8 45. Ng5 Qc7 46. Be2 Nh6 47. Ne4
Bb7 48. Nxd6 Bxd5 49. Qxe5 Qc6 50. Ne8 Nf5 51. Nf6+ 1-0

[Event "7eme Open de Saint-Chely d'Aubrac"]
[Site "Saint-Chely d'Aubrac (12)"]
[Date "2007.07.16"]
[Round "3.9"]
[White "Boulier, Rene"]
[Black "Lemaire, Olivier"]
[Result "1-0"]
[WhiteElo "1971"]
[BlackElo "1578"]
[PlyCount "109"]
[EventDate "2007.??.??"]

1. e4 c5 2. Nc3 d6 3. f4 Nc6 4. Bb5 Bd7 5. Nf3 e6 6. O-O a6 7. Bxc6 bxc6 8. e5
d5 9. d3 Nh6 10. h3 Nf5 11. Ne2 h5 12. Kh2 Be7 13. g3 g6 14. h4 O-O 15. Qe1 Kg7
16. Neg1 Rb8 17. Kh3 Rh8 18. Qf2 Qa5 19. Bd2 Qb5 20. b3 a5 21. a4 Qb6 22. Qe1
Ra8 23. Rb1 Rhb8 24. Ng5 Rh8 25. N1f3 Rhb8 26. Bc3 Bd8 27. Qe2 Qa7 28. g4 hxg4+
29. Kxg4 d4 30. Bd2 Be7 31. Rh1 Rh8 32. Rbg1 Rh5 33. Qg2 Rah8 34. Rh2 Qa8 35.
Rgh1 Qa6 36. Ne4 Qb6 37. Qf2 Qd8 38. Qe1 Nh6+ 39. Kg3 Nf5+ 40. Kf2 Nxh4 41.
Bxa5 Qa8 42. Nf6 Nxf3 43. Nxh5+ Rxh5 44. Rxh5 gxh5 45. Kxf3 Qh8 46. Qg1+ Kf8
47. Be1 Ke8 48. Qh2 Kd8 49. Qxh5 Qxh5+ 50. Rxh5 Be8 51. Rh6 Kd7 52. Bh4 Bf8 53.
Rh8 Bg7 54. Rg8 Bh6 55. Bf6 1-0

[Event "7eme Open de Saint-Chely d'Aubrac"]
[Site "Saint-Chely d'Aubrac (12)"]
[Date "2007.07.16"]
[Round "3.10"]
[White "Mayet, Lucas"]
[Black "Benedic, Patrick"]
[Result "0-1"]
[WhiteElo "1741"]
[BlackElo "2053"]
[PlyCount "86"]
[EventDate "2007.??.??"]

1. d4 d5 2. c4 Bf5 3. Nc3 e6 4. Nf3 Nf6 5. e3 c6 6. Be2 Bd6 7. O-O O-O 8. Nh4
Bg6 9. Nxg6 hxg6 10. Qc2 Nbd7 11. b3 Qe7 12. Bf3 Bb4 13. Bd2 g5 14. h3 g6 15.
e4 dxe4 16. Nxe4 Bxd2 17. Qxd2 Nxe4 18. Bxe4 Kg7 19. Rfe1 Rad8 20. Qc3 Qf6 21.
Re3 Nb6 22. Rd1 Kg8 23. Rdd3 Rd7 24. Qa5 Nc8 25. Rf3 Qd8 26. Qe5 Nd6 27. Bxg6
fxg6 28. Qxe6+ Kg7 29. Rxf8 Kxf8 30. Qxg6 Rf7 31. Qh6+ Kg8 32. Rg3 Rg7 33. h4
Nf7 34. Qe6 gxh4 35. Rxg7+ Kxg7 36. Qg4+ Qg5 37. Qxg5+ Nxg5 38. Kh2 Kf6 39. f3
a5 40. a3 Ne6 41. Kh3 Kg5 42. d5 cxd5 43. cxd5 Nf4+ 0-1

[Event "7eme Open de Saint-Chely d'Aubrac"]
[Site "Saint-Chely d'Aubrac (12)"]
[Date "2007.07.16"]
[Round "3.11"]
[White "Labarthe, Arnaud"]
[Black "Viennot, Kevin"]
[Result "1-0"]
[WhiteElo "1952"]
[BlackElo "1760"]
[PlyCount "69"]
[EventDate "2007.??.??"]

1. d4 d5 2. Nc3 c6 3. Bg5 h6 4. Bh4 Bf5 5. e3 Nd7 6. Bd3 Bxd3 7. cxd3 Ngf6 8.
f4 e6 9. Nf3 Be7 10. Bf2 Ng4 11. Qe2 Bb4 12. O-O O-O 13. Be1 Be7 14. h3 Ngf6
15. Ne5 Nxe5 16. fxe5 Nd7 17. Qg4 c5 18. Bd2 Bg5 19. Rad1 cxd4 20. exd4 Bxd2
21. Rxd2 Qc7 22. Rf3 Rad8 23. Rdf2 a6 24. Ne2 Nb8 25. Nf4 Qe7 26. Rg3 f5 27.
Qh5 Nc6 28. Qxh6 Nxd4 29. Nh5 Rf7 30. Nf6+ Rxf6 31. exf6 Rd7 32. fxe7 Rxe7 33.
Qf6 Nc6 34. Rxg7+ Rxg7 35. Qxe6+ 1-0

[Event "7eme Open de Saint-Chely d'Aubrac"]
[Site "Saint-Chely d'Aubrac (12)"]
[Date "2007.07.16"]
[Round "3.12"]
[White "Heudre, Dominique"]
[Black "Carno, Matthias"]
[Result "1/2-1/2"]
[WhiteElo "1720"]
[BlackElo "1940"]
[PlyCount "61"]
[EventDate "2007.??.??"]

1. d4 d5 2. c4 Nc6 3. e3 Nf6 4. Nc3 Bf5 5. a3 e6 6. Nf3 Be7 7. b4 O-O 8. Bb2
Ne4 9. Bd3 Nxc3 10. Bxc3 Bxd3 11. Qxd3 dxc4 12. Qxc4 Qd5 13. Qxd5 exd5 14. O-O
b5 15. Rfc1 Bd6 16. Ne1 Ne7 17. Nd3 Nc8 18. a4 c6 19. Ne5 Bxe5 20. dxe5 Nb6 21.
axb5 cxb5 22. Bd4 Nc4 23. Rxa7 Rxa7 24. Bxa7 Ra8 25. Bd4 Kf8 26. Rc2 Ke7 27. f4
Ke6 28. Kf2 Ra3 29. g4 g6 30. h4 Rb3 31. Ra2 1/2-1/2

[Event "7eme Open de Saint-Chely d'Aubrac"]
[Site "Saint-Chely d'Aubrac (12)"]
[Date "2007.07.16"]
[Round "3.13"]
[White "Lemaire, Matthieu"]
[Black "Luc, Rene"]
[Result "1-0"]
[WhiteElo "1934"]
[BlackElo "1710"]
[PlyCount "107"]
[EventDate "2007.??.??"]

1. e4 c5 2. c3 Nf6 3. e5 Nd5 4. Nf3 Nc6 5. d4 e6 6. c4 Nb6 7. d5 exd5 8. cxd5
Nb4 9. d6 f6 10. Nc3 h6 11. a3 Nc6 12. Bd3 Kf7 13. Qb3+ c4 14. Bxc4+ Nxc4 15.
Qxc4+ Ke8 16. Qe4 Kf7 17. Qd5+ Kg6 18. Nh4+ Kh7 19. Qd3+ Kg8 20. Ng6 Nxe5 21.
Qd5+ Kh7 22. Nxh8 Kxh8 23. Bf4 Qb6 24. Bxe5 fxe5 25. O-O-O Qc6 26. Qxe5 b6 27.
Qe4 Bb7 28. Qxc6 Bxc6 29. f3 Rc8 30. Rhe1 g6 31. Re2 Kg8 32. Kb1 Kf7 33. Ne4
Ba4 34. Rc1 Bc6 35. h4 Re8 36. Rh1 Kg7 37. Rc2 Rxe4 38. Rxc6 Rd4 39. Rc7 Rxd6
40. Rxa7 Kf6 41. Kc2 Rd5 42. Ra6 Bc5 43. Rd1 Rxd1 44. Kxd1 Ke5 45. Ke2 d5 46.
Ra8 Kf4 47. b4 Bg1 48. Rg8 Kf5 49. a4 Kf6 50. a5 bxa5 51. bxa5 Kf7 52. Rc8 Ke6
53. Rc6+ Kf5 54. g4+ 1-0

[Event "7eme Open de Saint-Chely d'Aubrac"]
[Site "Saint-Chely d'Aubrac (12)"]
[Date "2007.07.16"]
[Round "3.14"]
[White "Huin, Eric"]
[Black "Desboeufs, Claude"]
[Result "1-0"]
[WhiteElo "1929"]
[BlackElo "1660"]
[PlyCount "125"]
[EventDate "2007.??.??"]

1. e4 d6 2. d4 Nf6 3. Nc3 g6 4. Bg5 Bg7 5. Qd2 O-O 6. Bh6 Nbd7 7. Bxg7 Kxg7 8.
O-O-O Rh8 9. e5 Ng8 10. f4 Nb6 11. Be2 Bd7 12. Nf3 a5 13. Rhg1 Na4 14. Nxa4
Bxa4 15. d5 Be8 16. g4 b5 17. Nd4 Qb8 18. Rg3 b4 19. Bc4 a4 20. g5 Ra5 21. Kb1
Rc5 22. b3 Qb6 23. e6 f6 24. h4 Qa5 25. f5 axb3 26. Nxb3 Qa3 27. Qf4 Qa7 28.
Nxc5 Qxc5 29. Qd4 Qa5 30. Bb3 c5 31. dxc6 Bxc6 32. Qc4 Bb7 33. Qf4 Qc5 34. h5
Qxf5 35. Qxf5 gxf5 36. Rd4 fxg5 37. Rxb4 Be4 38. Rxg5+ Kf6 39. Rg1 Nh6 40. Rf1
Kg5 41. Rg1+ Kf6 42. Bc4 Rc8 43. Bd3 d5 44. Bxe4 dxe4 45. Kc1 Rc6 46. Kd2 Rxe6
47. Rgb1 Rd6+ 48. Ke2 Ng4 49. Rb6 h6 50. Rxd6+ exd6 51. a4 Ke5 52. a5 f4 53. a6
f3+ 54. Kf1 Ne3+ 55. Kf2 Kf4 56. a7 Ng4+ 57. Kg1 Kg3 58. a8=Q e3 59. Qc6 e2 60.
Qxd6+ Kh3 61. Qf4 f2+ 62. Qxf2 Nxf2 63. Kxf2 1-0

[Event "7eme Open de Saint-Chely d'Aubrac"]
[Site "Saint-Chely d'Aubrac (12)"]
[Date "2007.07.16"]
[Round "3.15"]
[White "Vernet, Pierrick"]
[Black "Tournier, Jean-Pascal"]
[Result "0-1"]
[WhiteElo "1199"]
[BlackElo "1888"]
[PlyCount "26"]
[EventDate "2007.??.??"]

1. e4 e5 2. Nf3 Nc6 3. Nc3 Nf6 4. Bc4 Bc5 5. O-O d6 6. d3 Bg4 7. Bg5 Nd4 8. h3
Nxf3+ 9. gxf3 Bxh3 10. Re1 h6 11. Bxf6 Qxf6 12. Ne2 Qxf3 13. Nc3 Qg2# 0-1

[Event "7eme Open de Saint-Chely d'Aubrac"]
[Site "Saint-Chely d'Aubrac (12)"]
[Date "2007.07.16"]
[Round "3.16"]
[White "Martinez, Loic"]
[Black "Messinger, Karl"]
[Result "0-1"]
[WhiteElo "1880"]
[BlackElo "1640"]
[PlyCount "70"]
[EventDate "2007.??.??"]

1. e4 c5 2. Nf3 Nc6 3. d4 cxd4 4. Nxd4 g6 5. c4 Bg7 6. Be3 Nf6 7. Nc3 O-O 8.
Be2 d6 9. O-O Bd7 10. Nb3 Ne5 11. Bf4 Nc6 12. Kh1 Na5 13. f3 Nxb3 14. Qxb3 Bc6
15. Rfd1 Nd7 16. Be3 Qa5 17. Bd4 Bxd4 18. Rxd4 Nc5 19. Qc2 Rac8 20. Rb1 Qb4 21.
Nd5 Bxd5 22. exd5 a5 23. Rh4 Kg7 24. Qc1 Rh8 25. Qh6+ Kg8 26. Qe3 Rc7 27. g4
Qa4 28. Qc1 Qxa2 29. f4 Nb3 30. Qe1 Nd4 31. Rd1 Qxb2 32. Rd2 Qc3 33. Qd1 Nxe2
34. Qxe2 Qxc4 35. Qf2 Qe4+ 0-1

[Event "7eme Open de Saint-Chely d'Aubrac"]
[Site "Saint-Chely d'Aubrac (12)"]
[Date "2007.07.16"]
[Round "3.17"]
[White "Sidibe, Malika"]
[Black "Saucey, Capucine"]
[Result "1-0"]
[WhiteElo "1868"]
[BlackElo "1629"]
[PlyCount "93"]
[EventDate "2007.??.??"]

1. e4 c5 2. Nf3 g6 3. d4 Bg7 4. Nc3 cxd4 5. Nxd4 Nc6 6. Be3 d6 7. Bc4 Ne5 8.
Be2 Nf6 9. f3 h5 10. Qd2 Bd7 11. Ndb5 a6 12. Na3 Qa5 13. f4 Neg4 14. Nc4 Qc7
15. Bb6 Qc6 16. h3 Nh6 17. Bd4 O-O 18. Nb6 Rad8 19. Nbd5 Nxd5 20. Nxd5 Rfe8 21.
Bxg7 Kxg7 22. f5 e6 23. Qd4+ e5 24. Qd2 Rh8 25. Qg5 Qc5 26. Qf6+ Kh7 27. fxg6+
fxg6 28. Qe7+ Nf7 29. Qxf7+ Kh6 30. Ne7 Be8 31. Ng8+ Rxg8 32. Qxg8 Qa5+ 33. c3
Bb5 34. Qd5 Qb6 35. Bxb5 axb5 36. O-O-O b4 37. Qd2+ Kh7 38. cxb4 Qc6+ 39. Qc2
Qa6 40. Qc7+ Kh6 41. Qxd8 Qxa2 42. h4 Qc4+ 43. Kb1 Qxe4+ 44. Ka1 g5 45. Rxd6+
Kg7 46. Qe7+ Kg8 47. Rd8# 1-0

[Event "7eme Open de Saint-Chely d'Aubrac"]
[Site "Saint-Chely d'Aubrac (12)"]
[Date "2007.07.16"]
[Round "3.18"]
[White "Viennot, Dylan"]
[Black "Ruetsch, Johan"]
[Result "1-0"]
[WhiteElo "1840"]
[BlackElo "1590"]
[PlyCount "153"]
[EventDate "2007.??.??"]

1. e4 c5 2. Nf3 Nc6 3. Bb5 g6 4. O-O Bg7 5. c3 Nf6 6. Re1 O-O 7. d4 cxd4 8.
cxd4 d6 9. h3 a6 10. Ba4 b5 11. Bc2 Bb7 12. Nc3 Rc8 13. a3 Na5 14. Bd2 Nc4 15.
Rb1 e6 16. Bd3 d5 17. e5 Nd7 18. Bxc4 dxc4 19. Ne4 Bxe4 20. Rxe4 Ra8 21. Bg5
Qc8 22. Qd2 Nb6 23. Nh2 Nd5 24. Rc1 Qc6 25. Ree1 Rfc8 26. Ng4 Rf8 27. Bh6 f6
28. Bxg7 Kxg7 29. Qh6+ Kg8 30. exf6 Nxf6 31. Ne5 Qc7 32. Nf3 Rae8 33. Ng5 Qd7
34. Rcd1 a5 35. Nf3 Qg7 36. Qxg7+ Kxg7 37. Ne5 Nd5 38. Nd7 Rf7 39. Nc5 Rfe7 40.
Re5 b4 41. axb4 axb4 42. Rde1 Nf4 43. g3 Nd5 44. Rxe6 c3 45. Rxe7+ Rxe7 46.
Rxe7+ Nxe7 47. bxc3 bxc3 48. Kf1 Nd5 49. Ke2 c2 50. Kd2 Nb4 51. Nb3 Kf6 52. Kc3
c1=Q+ 53. Nxc1 Nd5+ 54. Kc4 Ke6 55. Nd3 Nb6+ 56. Kc5 Na4+ 57. Kc6 Nc3 58. Nc5+
Kf5 59. d5 Nxd5 60. Kxd5 h6 61. f3 h5 62. Ne6 g5 63. g4+ hxg4 64. hxg4+ Kf6 65.
Nxg5 Kxg5 66. Ke5 Kg6 67. f4 Kh6 68. g5+ Kg6 69. f5+ Kh7 70. g6+ Kg7 71. Ke6
Kh8 72. g7+ Kg8 73. f6 Kh7 74. f7 Kxg7 75. Ke7 Kh7 76. Kf6 Kh6 77. f8=Q+ 1-0

[Event "7eme Open de Saint-Chely d'Aubrac"]
[Site "Saint-Chely d'Aubrac (12)"]
[Date "2007.07.16"]
[Round "3.19"]
[White "Mourgues, Joelle"]
[Black "Meyer, Bernard"]
[Result "1-0"]
[WhiteElo "1798"]
[BlackElo "1410"]
[PlyCount "61"]
[EventDate "2007.??.??"]

1. Nf3 Nc6 2. g3 d5 3. Bg2 e5 4. d3 Nf6 5. O-O Be7 6. Nbd2 O-O 7. c3 Bg4 8. e4
d4 9. c4 Nb4 10. Qb3 Qd6 11. a3 Nc6 12. Nh4 Rab8 13. Nf5 Qe6 14. Nxe7+ Nxe7 15.
c5 Qc8 16. Re1 h5 17. f3 Be6 18. Qc2 c6 19. Kf2 Ng6 20. h4 Re8 21. Nc4 Bxc4 22.
Qxc4 Re6 23. Bh3 a6 24. Bf5 Kf8 25. Bg5 b5 26. cxb6 Rxb6 27. Re2 Nh7 28. Bxe6
fxe6 29. Rc1 Nxg5 30. hxg5 h4 31. Qc5+ 1-0

[Event "7eme Open de Saint-Chely d'Aubrac"]
[Site "Saint-Chely d'Aubrac (12)"]
[Date "2007.07.16"]
[Round "3.20"]
[White "Schneider, Alec"]
[Black "Chamba, Antoine"]
[Result "0-1"]
[WhiteElo "1499"]
[BlackElo "2091"]
[PlyCount "60"]
[EventDate "2007.??.??"]

1. c4 Nf6 2. Nc3 g6 3. d4 Bg7 4. Nf3 d6 5. e3 O-O 6. Bd2 Nc6 7. Be2 e5 8. d5
Ne7 9. O-O Ne8 10. e4 f5 11. Bd3 f4 12. Rc1 Kh8 13. Na4 Ng8 14. c5 g5 15. g3 g4
16. Ne1 Bh6 17. Ng2 f3 18. Ne3 Qf6 19. cxd6 cxd6 20. Rc2 Qg6 21. Kh1 Qh5 22.
Qc1 Bd7 23. Rc4 b5 24. Rc2 bxa4 25. Nc4 Rf6 26. Ne3 Bg5 27. Nf5 Bxd2 28. Qxd2
Bxf5 29. exf5 Qh3 30. Rg1 Rh6 0-1

[Event "7eme Open de Saint-Chely d'Aubrac"]
[Site "Saint-Chely d'Aubrac (12)"]
[Date "2007.07.16"]
[Round "3.21"]
[White "Mehiaoui, Dounia"]
[Black "Causse, Michel"]
[Result "1-0"]
[WhiteElo "1909"]
[BlackElo "1360"]
[PlyCount "57"]
[EventDate "2007.??.??"]

1. e4 e5 2. d4 exd4 3. Qxd4 Nc6 4. Qe3 d6 5. Nc3 Nf6 6. Bd2 Be6 7. O-O-O Be7 8.
f4 Ng4 9. Qf3 f5 10. exf5 Bxf5 11. Bc4 Qd7 12. Nge2 Nf6 13. h3 Be6 14. Bb5 O-O
15. Nd4 Nxd4 16. Bxd7 Nxf3 17. Bxe6+ Kh8 18. gxf3 c6 19. Rhg1 d5 20. Rde1 Bc5
21. Rg2 a6 22. f5 b5 23. Bg5 Be7 24. Ne2 Ra7 25. Nd4 Rc7 26. Bf4 Rb7 27. Nxc6
Nh5 28. Be5 Bg5+ 29. Rxg5 1-0

[Event "7eme Open de Saint-Chely d'Aubrac"]
[Site "Saint-Chely d'Aubrac (12)"]
[Date "2007.07.16"]
[Round "3.22"]
[White "Marie, Olivier"]
[Black "Cuq, Christian"]
[Result "1/2-1/2"]
[WhiteElo "1550"]
[BlackElo "1720"]
[PlyCount "64"]
[EventDate "2007.??.??"]

1. d4 d5 2. c4 Nf6 3. Nc3 e6 4. Bg5 Be7 5. e3 O-O 6. Bd3 Nbd7 7. Nge2 Re8 8.
O-O c6 9. Qc2 Nf8 10. f4 dxc4 11. Bxc4 Nd5 12. Bxd5 exd5 13. Bxe7 Rxe7 14. Rf3
Bg4 15. Rg3 Bxe2 16. Qxe2 Qd7 17. Qh5 f6 18. Rf1 Rae8 19. Nd1 Re4 20. f5 R8e7
21. Rff3 Qe8 22. Qh6 Kh8 23. Qh3 h6 24. Nc3 Nh7 25. Nxe4 Rxe4 26. Rg6 Ng5 27.
Rxg5 fxg5 28. g4 Qf8 29. Qg3 Qc8 30. h3 Qd8 31. Qf2 Qf6 32. Qg3 Qd8 1/2-1/2

[Event "7eme Open de Saint-Chely d'Aubrac"]
[Site "Saint-Chely d'Aubrac (12)"]
[Date "2007.07.16"]
[Round "3.23"]
[White "Manser, Luca"]
[Black "Tassetti, Florent"]
[Result "1/2-1/2"]
[WhiteElo "1590"]
[BlackElo "1560"]
[PlyCount "25"]
[EventDate "2007.??.??"]

1. e4 e5 2. Nf3 Nc6 3. Bc4 Bc5 4. O-O d6 5. d3 Bg4 6. h3 Bh5 7. c3 h6 8. h4 Qf6
9. Nbd2 Nge7 10. Re1 Ng6 11. g3 O-O 12. Kg2 Na5 13. Bb3 1/2-1/2

[Event "7eme Open de Saint-Chely d'Aubrac"]
[Site "Saint-Chely d'Aubrac (12)"]
[Date "2007.07.16"]
[Round "3.24"]
[White "Gazel, Bruno"]
[Black "Veys, Vincent"]
[Result "1-0"]
[WhiteElo "1630"]
[BlackElo "1490"]
[PlyCount "95"]
[EventDate "2007.??.??"]

1. e4 e5 2. Nf3 Nc6 3. d4 exd4 4. Nxd4 Bc5 5. Be3 Nf6 6. Nxc6 bxc6 7. Bxc5 d6
8. Be3 O-O 9. Bd3 Ng4 10. Qe2 Qf6 11. Nc3 Nxe3 12. Qxe3 d5 13. Qc1 d4 14. Ne2
Qe5 15. O-O f5 16. f4 Qf6 17. e5 Qg6 18. Nxd4 Bb7 19. Nf3 c5 20. Qe3 Qc6 21. b3
Rad8 22. e6 Rde8 23. Bc4 Rf6 24. Rad1 Kh8 25. Bd5 Qb6 26. Bxb7 Qxb7 27. Qxc5
Rfxe6 28. Rde1 Rxe1 29. Rxe1 Rg8 30. Qxf5 Qb6+ 31. Kh1 Qc6 32. Ne5 Re8 33. Qf7
Qa8 34. Ng6+ hxg6 35. Rxe8+ Qxe8 36. Qxe8+ Kh7 37. Qd7 c5 38. Qxa7 c4 39. bxc4
Kg8 40. c5 Kh7 41. Qd7 Kg8 42. c6 Kh7 43. g4 Kg8 44. g5 Kh7 45. c7 Kg8 46.
c8=R+ Kh7 47. Rc7 Kh8 48. Qxg7# 1-0